Fundamental concepts of inorganic chemistry Vol 6 (Record no. 167445)
[ view plain ]
| 000 -LEADER | |
|---|---|
| fixed length control field | 00684nam a2200241Ia 4500 |
| 003 - CONTROL NUMBER IDENTIFIER | |
| control field | OSt |
| 005 - DATE AND TIME OF LATEST TRANSACTION | |
| control field | 20230623101201.0 |
| 008 - FIXED-LENGTH DATA ELEMENTS--GENERAL INFORMATION | |
| fixed length control field | 210423s2014 xx 000 0 und d |
| 020 ## - INTERNATIONAL STANDARD BOOK NUMBER | |
| International Standard Book Number | 978-81-239-2353-6 |
| 040 ## - CATALOGING SOURCE | |
| Transcribing agency | AL |
| 041 ## - LANGUAGE CODE | |
| Language code of text/sound track or separate title | eng |
| 082 ## - DEWEY DECIMAL CLASSIFICATION NUMBER | |
| Classification number | 546 |
| Edition number | 23 |
| Item number | DASP |
| 100 ## - MAIN ENTRY--PERSONAL NAME | |
| Personal name | DAS (Asim K);DAS (Mahua) |
| 9 (RLIN) | 114370 |
| 245 ## - TITLE STATEMENT | |
| Title | Fundamental concepts of inorganic chemistry Vol 6 |
| 260 ## - PUBLICATION, DISTRIBUTION, ETC. | |
| Place of publication, distribution, etc. | New Delhi |
| Name of publisher, distributor, etc. | CBS Publishers & Distributors |
| Date of publication, distribution, etc. | 2014 |
| 300 ## - PHYSICAL DESCRIPTION | |
| Extent | xiv,1657,I-5 |
| Other physical details | PB |
| 365 ## - TRADE PRICE | |
| Price amount | 495 |
| Currency code | INR |
| 440 ## - SERIES STATEMENT/ADDED ENTRY--TITLE | |
| Volume/sequential designation | 6 |
| 650 ## - SUBJECT ADDED ENTRY--TOPICAL TERM | |
| Topical term or geographic name entry element | Chemistry |
| 9 (RLIN) | 114371 |
| 650 ## - SUBJECT ADDED ENTRY--TOPICAL TERM | |
| Topical term or geographic name entry element | Inorganic Chemistry |
| 9 (RLIN) | 114372 |
| 906 ## - LOCAL DATA ELEMENT F, LDF (RLIN) | |
| a | chemistry ; concepts ; Fundamental ; inorganic ; Vol |
| 942 ## - ADDED ENTRY ELEMENTS (KOHA) | |
| Source of classification or shelving scheme | Dewey Decimal Classification |
| Koha item type | Book |
| Withdrawn status | Lost status | Damaged status | Not for loan | Collection code | Home library | Current library | Date acquired | Source of acquisition | Cost, normal purchase price | Total Checkouts | Total Renewals | Full call number | Barcode | Date last seen | Date last checked out | Price effective from | Koha item type |
|---|---|---|---|---|---|---|---|---|---|---|---|---|---|---|---|---|---|
| Analytical Chemistry | St Aloysius PG Library | St Aloysius PG Library | 12/11/2015 | Biblios Book Point | 495.00 | 2 | 1 | 546 DASP | PG013946 | 04/16/2026 | 04/02/2026 | 04/26/2021 | Book | ||||
| Analytical Chemistry | St Aloysius PG Library | St Aloysius PG Library | 12/11/2015 | Biblios Book Point | 495.00 | 2 | 546 DASP | PG013947 | 04/16/2026 | 04/08/2026 | 04/26/2021 | Book |